Palmarès de la Super League Suisse - Statistiques

Statistiques générales
  • Ce quiz a été pris 114 fois
  • Le résultat moyen est 12 sur 20
Statistiques - réponses
Clubs Titre(s) % Correct
FC Bâle 20
99%
Young Boys 17
99%
FC Zurich 13
98%
Anglo-American Club Zurich 1
85%
Servette 17
84%
Grasshopper Zurich 27
77%
Lugano 3
74%
Sion 2
74%
Saint-Gall 2
73%
Lucerne 1
67%
Lausanne-Sport 7
61%
Neuchâtel Xamax 2
60%
Winterthur 3
37%
Aarau 3
34%
Bellinzone 1
34%
Biel-Bienne 1
33%
La chaux-de-Fonds 3
32%
Cantonal Neuchâtel 1
23%
SC Brühl 1
11%
Étoile-Sporting 1
5%
Aucun quiz correspondant
Distribution des résultats
% des personnes avec chaque résultat
Percentile par nombre de réponses
Votre historique - résultats
Vous n’avez pas pris ce quiz